Adivinhe o país pela equipe. (Versão CONMEBOL) - Statistics

Estatísticas Gerais
  • Esse quiz foi jogado 218 vezes
  • A pontuação média é 10 de 10
Estatísticas das Respostas
Imagem Resposta % Correto
Argentina
100%
Brasil
100%
Uruguai
98%
Chile
97%
Colômbia
96%
Paraguai
95%
Venezuela
95%
Bolívia
94%
Equador
94%
Perú
94%
Nenhum quiz correspondente encontrado
Distribuição das Pontuações
Porcentagem de Pessoas com Cada Pontuação
Percentil de Números Respondidos
Sua Pontuação Histórica
Você não jogou esse quiz